000 00488nam a2200169Ia 4500
001 9178
003 GE_BSU
008 181216s||||||||xx |||||||||||||| ||und||
040 _cGE_BSU
245 _aInternational Political Science Review Volume 35 Number 1. January 2014
245 _cGenaral Editors Marian Sawer and Mark Kesselman
260 _c2014
300 _a126p.24cm.
653 _aInternational Political Science Review
653 _aპერიოდიკა
942 _cCR
999 _c42482
_d42482